| 000 | 00374nam a2200169Ia 4500 | ||
|---|---|---|---|
| 003 | 0STCL | ||
| 008 | 150530s9999 xx 000 0 und d | ||
| 040 |
_aSTCL _cSTCL |
||
| 100 | _aWodehouse, P.G. | ||
| 245 | _aWeek- End Wodehouse | ||
| 260 |
_bReaders Union _c1940 |
||
| 300 | _a0 | ||
| 546 | _aEnglish | ||
| 942 |
_2ddc _cBK |
||
| 999 |
_c57755 _d57755 |
||
| 005 | 20220125171034.0 | ||